[Event "6th Novi Sad it"]
[Site "Novi Sad"]
[Date "1977.10.02"]
[EventDate "1977.10.02"]
[Round "1.1"]
[White "Baretic, Dragoljub"]
[Black "Rajna, Gyorgy"]
[Result "1/2-1/2"]
[WhiteElo "2270"]
[BlackElo "2395"]
[PlyCount "68"]
[Source "Perpetual Check"]

1. e4 e5 2. Nf3 Nc6 3. Bb5 a6 4. Ba4 Nf6 5. O-O Be7 6. d4 exd4 7. e5 Ne4 8. b4
Nc3 9. Nxc3 dxc3 10. a3 O-O 11. Qd3 f6 12. Qxc3 Nxe5 13. Nxe5 fxe5 14. Qxe5 d5
15. Rb1 c6 16. Bb2 Bf6 17. Qg3 Bf5 18. Bb3 b5 19. Rfe1 a5 20. Bxf6 Qxf6 21. Re5
a4 22. Ba2 Rae8 23. Rbe1 Rxe5 24. Qxe5 Qxe5 25. Rxe5 Bxc2 26. Re6 Bb3 27. Bb1
Rf6 28. Rxf6 gxf6 29. Kf1 h6 30. Ke2 Kf7 31. Kd3 Ke6 32. Kd4 Kd6 33. Bg6 Bd1
34. f3 Be2 1/2-1/2

[Event "6th Novi Sad it"]
[Site "Novi Sad"]
[Date "1977.10.02"]
[EventDate "1977.10.02"]
[Round "1.2"]
[White "Jovic, Ljubomir"]
[Black "Diesen, Mark"]
[Result "0-1"]
[WhiteElo "2325"]
[BlackElo "2360"]
[PlyCount "78"]
[Source "Perpetual Check"]

1. e4 c5 2. Nc3 d6 3. f4 Nc6 4. Nf3 g6 5. d3 Bg7 6. g3 e5 7. Bg2 Nge7 8. O-O
O-O 9. Be3 Nd4 10. Qd2 Nec6 11. Nd5 Nxf3+ 12. Rxf3 f5 13. exf5 gxf5 14. Re1 Be6
15. Rff1 Qd7 16. fxe5 dxe5 17. c4 b6 18. Bh6 Rf7 19. Qg5 Qd8 20. Qh5 Qd6 21.
Bxg7 Kxg7 22. g4 Raf8 23. g5 Kh8 24. h4 Ne7 25. Qe2 Nc6 26. a3 Rg7 27. b4 cxb4
28. axb4 b5 29. cxb5 Bxd5 30. bxc6 Bxg2 31. Qxg2 Qxb4 32. Rc1 Qxh4 33. Rc4 f4
34. Qh2 Rxg5+ 35. Kh1 Qg4 36. c7 Rh5 37. Qxh5 Qxh5+ 38. Kg2 Qe2+ 39. Rf2 Rg8+
0-1

[Event "6th Novi Sad it"]
[Site "Novi Sad"]
[Date "1977.10.02"]
[EventDate "1977.10.02"]
[Round "1.3"]
[White "Deze, Anton"]
[Black "Ilijic, Milan"]
[Result "1-0"]
[WhiteElo "2405"]
[BlackElo "2340"]
[PlyCount "61"]
[Source "Perpetual Check"]

1. c4 g6 2. d4 Bg7 3. Nc3 Nf6 4. e4 d6 5. f3 O-O 6. Be3 Nc6 7. Qd2 e5 8. d5 Nd4
9. Nge2 Nxe2 10. Bxe2 Nd7 11. O-O-O f5 12. exf5 gxf5 13. g4 Nf6 14. Rdg1 f4 15.
Bf2 c6 16. h4 cxd5 17. cxd5 Qa5 18. h5 Bd7 19. h6 Bh8 20. g5 Ne8 21. Bd3 e4 22.
Bxe4 Rc8 23. Bxh7+ Kxh7 24. g6+ Kg8 25. h7+ Kg7 26. Bd4+ Rf6 27. Qxf4 Kf8 28.
Bxf6 Nxf6 29. g7+ Ke7 30. gxh8=Q Rxc3+ 31. Kb1 1-0

[Event "6th Novi Sad it"]
[Site "Novi Sad"]
[Date "1977.10.07"]
[EventDate "1977.10.02"]
[Round "1.4"]
[White "Bjelajac, Milan"]
[Black "Rakic, Tomislav"]
[Result "1/2-1/2"]
[WhiteElo "2410"]
[BlackElo "2395"]
[PlyCount "53"]
[Source "Perpetual Check"]

1. e4 g6 2. d4 Bg7 3. Nc3 c6 4. Nf3 d6 5. Be2 Nf6 6. O-O Bg4 7. Be3 O-O 8. Qd2
b5 9. a3 Nbd7 10. h3 Bxf3 11. Bxf3 Nb6 12. b3 Qc7 13. Bh6 Bxh6 14. Qxh6 e5 15.
Rad1 Qe7 16. Rd3 Rfd8 17. Rfd1 a5 18. Qg5 b4 19. dxe5 dxe5 20. Rxd8+ Rxd8 21.
Rxd8+ Qxd8 22. axb4 axb4 23. Na2 Qd6 24. Nxb4 h6 25. Qh4 Kg7 26. Nd3 Nbd7 27.
Qg3 1/2-1/2

[Event "6th Novi Sad it"]
[Site "Novi Sad"]
[Date "1977.10.02"]
[EventDate "1977.10.02"]
[Round "1.6"]
[White "Petran, Pal"]
[Black "Hernandez Onna, Roman"]
[Result "1/2-1/2"]
[WhiteElo "2455"]
[BlackElo "2435"]
[PlyCount "76"]
[Source "Perpetual Check"]

1. d4 Nf6 2. c4 e6 3. Nc3 Bb4 4. e3 O-O 5. Bd3 d5 6. Nf3 c5 7. O-O cxd4 8. exd4
dxc4 9. Bxc4 Nc6 10. Re1 a6 11. Bg5 Be7 12. a3 b5 13. Ba2 b4 14. Bxf6 Bxf6 15.
Ne4 Bb7 16. Rc1 bxa3 17. bxa3 Ne7 18. Bb1 Nf5 19. Nxf6+ Qxf6 20. Be4 Bxe4 21.
Rxe4 Rac8 22. Rxc8 Rxc8 23. Qa4 g6 24. Qxa6 Rc1+ 25. Re1 Rxe1+ 26. Nxe1 Qxd4
27. Qc8+ Kg7 28. Qc1 e5 29. h3 Nd6 30. Nf3 Qd5 31. Qd2 Qc5 32. a4 Nf5 33. Qe1
f6 34. a5 e4 35. Qxe4 Qxa5 36. Qb7+ Kg8 37. Qc8+ Kf7 38. Qd7+ Ne7 1/2-1/2

[Event "6th Novi Sad it"]
[Site "Novi Sad"]
[Date "1977.10.03"]
[EventDate "1977.10.02"]
[Round "2.3"]
[White "Rakic, Tomislav"]
[Black "Popovic, Petar"]
[Result "0-1"]
[WhiteElo "2395"]
[BlackElo "2385"]
[PlyCount "42"]
[Source "Perpetual Check"]

1. d4 Nf6 2. Nf3 g6 3. Bg5 Bg7 4. Nc3 d5 5. Bxf6 Bxf6 6. e4 dxe4 7. Nxe4 Bg7 8.
Bc4 O-O 9. h3 Nc6 10. c3 e5 11. d5 Na5 12. Bb3 Nxb3 13. Qxb3 Bf5 14. Nfd2 Qh4
15. Qc4 Bh6 16. Qe2 Rad8 17. c4 c6 18. Nc3 Bxd2+ 19. Qxd2 Qxc4 20. b3 Qd4 21.
O-O-O Rxd5 0-1

[Event "6th Novi Sad it"]
[Site "Novi Sad"]
[Date "1977.10.03"]
[EventDate "1977.10.02"]
[Round "2.4"]
[White "Ilijic, Milan"]
[Black "Bjelajac, Milan"]
[Result "0-1"]
[WhiteElo "2340"]
[BlackElo "2410"]
[PlyCount "68"]
[Source "Perpetual Check"]

1. c4 f5 2. g3 Nf6 3. d4 g6 4. Nf3 Bg7 5. Bg2 O-O 6. b4 d6 7. Bb2 Ne4 8. Qb3 c5
9. dxc5 dxc5 10. Bxg7 Kxg7 11. b5 Nd7 12. O-O e5 13. Nc3 Nxc3 14. Qxc3 Qf6 15.
e4 Re8 16. Rad1 Re7 17. Rd5 fxe4 18. Nd2 Nb6 19. Nxe4 Nxd5 20. cxd5 Qb6 21. d6
Re8 22. Qxc5 Bf5 23. Qd5 Rad8 24. Rd1 Bxe4 25. Bxe4 Rd7 26. Bg2 Rf8 27. Bh3
Qxf2+ 28. Kh1 Qe2 29. Kg1 Qf2+ 30. Kh1 Qe2 31. a4 Rf2 32. Kg1 Rxh2 33. Rd2 Qxd2
34. Qxe5+ Kh6 0-1

[Event "6th Novi Sad it"]
[Site "Novi Sad"]
[Date "1977.10.03"]
[EventDate "1977.10.02"]
[Round "2.5"]
[White "Diesen, Mark"]
[Black "Deze, Anton"]
[Result "1/2-1/2"]
[WhiteElo "2360"]
[BlackElo "2405"]
[PlyCount "23"]
[Source "Perpetual Check"]

1. Nf3 c5 2. c4 g6 3. e4 Nc6 4. d4 cxd4 5. Nxd4 Nf6 6. Nc3 d6 7. Be2 Nxd4 8.
Qxd4 Bg7 9. Bg5 O-O 10. Qd2 Be6 11. f3 Rc8 12. Nd5 1/2-1/2

[Event "6th Novi Sad it"]
[Site "Novi Sad"]
[Date "1977.10.03"]
[EventDate "1977.10.02"]
[Round "2.6"]
[White "Baretic, Dragoljub"]
[Black "Jovic, Ljubomir"]
[Result "0-1"]
[WhiteElo "2270"]
[BlackElo "2325"]
[PlyCount "104"]
[Source "Perpetual Check"]

1. e4 c5 2. Nf3 Nc6 3. d4 cxd4 4. Nxd4 e5 5. Nb5 d6 6. N1c3 a6 7. Na3 b5 8. Nd5
f5 9. exf5 Bxf5 10. c3 Nge7 11. Nxe7 Bxe7 12. Nc2 d5 13. Bd3 Be6 14. Qh5+ Bf7
15. Qh3 e4 16. Be2 O-O 17. O-O b4 18. f3 bxc3 19. bxc3 Bf6 20. fxe4 dxe4 21.
Qe3 Re8 22. Rb1 Bxa2 23. Rb6 Bd4 24. cxd4 Qxb6 25. d5 Qxe3+ 26. Nxe3 Nb4 27.
Rd1 Nd3 28. Bxd3 exd3 29. Rxd3 Rab8 30. Kf2 Rb3 31. Rd4 Bb1 32. d6 Rd8 33. Ke2
h6 34. Bd2 Rd7 35. Ng4 Rb6 36. Bf4 Bf5 37. Ne3 Be6 38. Nd5 Bxd5 39. Rxd5 Kf7
40. Kd3 Rb4 41. Bg3 Rg4 42. Rf5+ Ke6 43. Rf3 Ra4 44. Re3+ Kd5 45. Be5 Ra3+ 46.
Bc3 Kxd6 47. Ke2 Ra2+ 48. Kf3 Rf7+ 49. Kg3 Rff2 50. h4 Rxg2+ 51. Kh3 Kd5 52.
Bb4 Rh2+ 0-1

[Event "6th Novi Sad it"]
[Site "Novi Sad"]
[Date "1977.10.04"]
[EventDate "1977.10.02"]
[Round "3.1"]
[White "Jovic, Ljubomir"]
[Black "Rajna, Gyorgy"]
[Result "0-1"]
[WhiteElo "2325"]
[BlackElo "2395"]
[PlyCount "84"]
[Source "Perpetual Check"]

1. e4 e5 2. Nf3 Nc6 3. Bb5 a6 4. Ba4 Nf6 5. d3 d6 6. c4 Bd7 7. Nc3 h6 8. h3 g5
9. Be3 Bg7 10. a3 O-O 11. Qd2 Na5 12. Bd1 Nh7 13. h4 f6 14. b4 Nc6 15. c5 Be6
16. cxd6 cxd6 17. Qb2 Qd7 18. Bb3 Qf7 19. Nd5 g4 20. Nd2 f5 21. Nc7 Bxb3 22.
Qxb3 Rac8 23. Ne6 f4 24. Bb6 Rfe8 25. Nxg7 Kxg7 26. Qxf7+ Kxf7 27. Nc4 Ke6 28.
g3 Nf6 29. Rb1 d5 30. exd5+ Nxd5 31. b5 Nce7 32. bxa6 bxa6 33. O-O Nf5 34. Rfe1
Kf6 35. Kh2 Re6 36. Ba7 Rce8 37. Bb8 Nd4 38. Re4 Nf3+ 39. Kg2 Nc3 40. Ree1
Nxe1+ 41. Rxe1 Rxb8 42. Rc1 Ne2 0-1

[Event "6th Novi Sad it"]
[Site "Novi Sad"]
[Date "1977.10.04"]
[EventDate "1977.10.02"]
[Round "3.2"]
[White "Deze, Anton"]
[Black "Baretic, Dragoljub"]
[Result "1/2-1/2"]
[WhiteElo "2405"]
[BlackElo "2270"]
[PlyCount "75"]
[Source "Perpetual Check"]

1. c4 e5 2. Nc3 Nf6 3. Nf3 Nc6 4. d3 d5 5. cxd5 Nxd5 6. e3 Be7 7. Be2 O-O 8.
O-O Be6 9. a3 f6 10. Qc2 Qe8 11. b4 a6 12. Bb2 Rd8 13. Rac1 Nxc3 14. Qxc3 Bd6
15. Nd2 Bd5 16. Bf3 Bxf3 17. Nxf3 Qh5 18. Qb3+ Kh8 19. Rc4 Ne7 20. Qd1 c6 21.
Nd2 Qf7 22. Ne4 Bb8 23. Qe2 Nd5 24. Nc5 Rfe8 25. g3 f5 26. e4 Nb6 27. Rcc1 Nc8
28. exf5 Nd6 29. Ne6 Rd7 30. g4 Nb5 31. Bxe5 Bxe5 32. Qxe5 Nd4 33. Kg2 Rxe6 34.
fxe6 Qf3+ 35. Kg1 Ne2+ 36. Qxe2 Qxe2 37. exd7 Qxg4+ 38. Kh1 1/2-1/2

[Event "6th Novi Sad it"]
[Site "Novi Sad"]
[Date "1977.10.04"]
[EventDate "1977.10.02"]
[Round "3.3"]
[White "Bjelajac, Milan"]
[Black "Diesen, Mark"]
[Result "1/2-1/2"]
[WhiteElo "2410"]
[BlackElo "2360"]
[PlyCount "31"]
[Source "Perpetual Check"]

1. e4 c5 2. c3 Nf6 3. e5 Nd5 4. d4 cxd4 5. cxd4 d6 6. Nf3 Nc6 7. Bc4 dxe5 8.
dxe5 Nb6 9. Qxd8+ Nxd8 10. Bb5+ Bd7 11. Nc3 a6 12. Bxd7+ Nxd7 13. O-O e6 14.
Rd1 Nc6 15. Bf4 Nb6 16. a3 1/2-1/2

[Event "6th Novi Sad it"]
[Site "Novi Sad"]
[Date "1977.10.04"]
[EventDate "1977.10.02"]
[Round "3.4"]
[White "Popovic, Petar"]
[Black "Ilijic, Milan"]
[Result "1-0"]
[WhiteElo "2385"]
[BlackElo "2340"]
[PlyCount "99"]
[Source "Perpetual Check"]

1. e4 d6 2. d4 Nf6 3. Nc3 g6 4. Nf3 Bg7 5. Be2 O-O 6. O-O a6 7. Bg5 h6 8. Bh4
b5 9. e5 Ne8 10. Bd3 Bb7 11. Qe2 Qc8 12. h3 c5 13. dxc5 dxc5 14. Qe3 g5 15. Bg3
Nc6 16. Nd5 c4 17. Be4 Qe6 18. Rad1 Rd8 19. Qb6 Rd7 20. Ne3 Nd4 21. Qxe6 fxe6
22. Nxd4 Bxe4 23. Nxe6 Rxd1 24. Rxd1 Rf7 25. Rd8 Rf8 26. Nxf8 Kxf8 27. f3 Bc6
28. Nf5 Kf7 29. Nd4 Bb7 30. c3 h5 31. Kf2 g4 32. hxg4 hxg4 33. Bf4 gxf3 34.
gxf3 b4 35. e6+ Kf8 36. cxb4 Bxd4+ 37. Rxd4 Nf6 38. Rxc4 Bd5 39. Rc8+ Kg7 40.
Rc7 Ng8 41. a4 Kf6 42. Rc8 Bxe6 43. Rc6 Kf5 44. Be3 Nf6 45. Rxa6 Nd5 46. b5 Nb4
47. Ra7 Nd3+ 48. Kg3 Nxb2 49. b6 Bd5 50. Ra5 1-0

[Event "6th Novi Sad it"]
[Site "Novi Sad"]
[Date "1977.10.04"]
[EventDate "1977.10.02"]
[Round "3.5"]
[White "Petran, Pal"]
[Black "Rakic, Tomislav"]
[Result "1/2-1/2"]
[WhiteElo "2455"]
[BlackElo "2395"]
[PlyCount "84"]
[Source "Perpetual Check"]

1. d4 g6 2. c4 Bg7 3. Nc3 d6 4. e4 Nd7 5. Nf3 e5 6. Be2 Nh6 7. O-O O-O 8. Rb1
f6 9. d5 Nf7 10. Qc2 Bh6 11. b4 Bxc1 12. Rfxc1 b6 13. Ne1 Kh8 14. Na4 a5 15. c5
axb4 16. cxb6 cxb6 17. Rxb4 f5 18. exf5 gxf5 19. Bb5 Nc5 20. Bc6 Ra6 21. Nxc5
dxc5 22. Rb3 Nd6 23. Qb2 c4 24. Qxe5+ Qf6 25. Qxf6+ Rxf6 26. Rb2 f4 27. Nf3 Bf5
28. a4 Be4 29. Ne5 Ra5 30. Rd2 f3 31. g3 Rf5 32. Nxc4 Rc5 33. Rd4 Re5 34. h3
Re7 35. Kh2 Bg6 36. g4 Kg7 37. Kg3 Re4 38. Nxd6 Rxd4 39. Re1 Rxc6 40. dxc6 Rxd6
41. Rc1 Rd8 42. Kxf3 Kf6 1/2-1/2

[Event "6th Novi Sad it"]
[Site "Novi Sad"]
[Date "1977.10.05"]
[EventDate "1977.10.02"]
[Round "4.2"]
[White "Rakic, Tomislav"]
[Black "Hernandez Onna, Roman"]
[Result "1-0"]
[WhiteElo "2395"]
[BlackElo "2435"]
[PlyCount "77"]
[Source "Perpetual Check"]

1. d4 Nf6 2. Nf3 e6 3. Bf4 b6 4. Nbd2 Bb7 5. e3 Be7 6. Bd3 d5 7. Ne5 O-O 8. Qf3
c5 9. c3 Nbd7 10. Qh3 g6 11. Bh6 Nxe5 12. dxe5 Nd7 13. Bxf8 Bxf8 14. f4 c4 15.
Bc2 Nc5 16. Nf3 b5 17. a3 a5 18. O-O Qb6 19. Nd4 b4 20. axb4 axb4 21. Rxa8 Bxa8
22. cxb4 Qxb4 23. f5 exf5 24. Nxf5 d4 25. Nxd4 Bd5 26. e4 Qxb2 27. Qe3 Be6 28.
Rb1 Qa2 29. Rb8 Qa1+ 30. Kf2 Nd7 31. Rd8 Nxe5 32. Qf4 Ng4+ 33. Ke2 Qa6 34. h3
c3+ 35. Bd3 Qa2+ 36. Nc2 Bc4 37. Rxf8+ Kxf8 38. Qd6+ Kg7 39. Qd4+ 1-0

[Event "6th Novi Sad it"]
[Site "Novi Sad"]
[Date "1977.10.05"]
[EventDate "1977.10.02"]
[Round "4.3"]
[White "Ilijic, Milan"]
[Black "Petran, Pal"]
[Result "1-0"]
[WhiteElo "2340"]
[BlackElo "2455"]
[PlyCount "139"]
[Source "Perpetual Check"]

1. c4 Nf6 2. g3 g6 3. Bg2 Bg7 4. d4 O-O 5. Nc3 d6 6. Nf3 Nbd7 7. O-O e5 8. e4
c6 9. h3 Qb6 10. d5 cxd5 11. cxd5 Nc5 12. Qe2 Bd7 13. Rb1 Na4 14. Be3 Qa5 15.
Nd2 Rfc8 16. Rfc1 Nxc3 17. bxc3 b6 18. Nb3 Qa4 19. c4 Rc7 20. f3 Bc8 21. Bf1
Ba6 22. Rb2 Rac8 23. Rbc2 Nh5 24. Kh2 Rf8 25. Qd2 f5 26. exf5 gxf5 27. Bg5 f4
28. g4 Ng3 29. Bd3 Rfc8 30. Qe1 Bxc4 31. Nd2 b5 32. Ne4 Bxd3 33. Rxc7 Rxc7 34.
Rxc7 Nxe4 35. fxe4 Bxe4 36. Qd2 Qa3 37. Rc3 Qa6 38. Be7 b4 39. Rc1 Qa3 40. Rg1
Qf3 41. Bxd6 a5 42. Bc7 Bxd5 43. Bxa5 Bf8 44. Bb6 Be7 45. g5 Kf7 46. Qc2 Be4
47. Qc4+ Bd5 48. Qc2 e4 49. Rg2 Be6 50. h4 Qh3+ 51. Kg1 f3 52. Rh2 Qg4+ 53. Kf1
Bd6 54. Rf2 Qxh4 55. Ke1 Bg3 56. Be3 Qh1+ 57. Kd2 Bxf2 58. Bxf2 Qa1 59. g6+
hxg6 60. Qc7+ Kf6 61. Qf4+ Kg7 62. Qc7+ Bf7 63. Qb6 Qc3+ 64. Kd1 Qd3+ 65. Kc1
Qc4+ 66. Kd2 Kh6 67. Ke3 Kh5 68. Qd8 Qe2+ 69. Kf4 g5+ 70. Qxg5# 1-0

[Event "6th Novi Sad it"]
[Site "Novi Sad"]
[Date "1977.10.05"]
[EventDate "1977.10.02"]
[Round "4.4"]
[White "Diesen, Mark"]
[Black "Popovic, Petar"]
[Result "1-0"]
[WhiteElo "2360"]
[BlackElo "2385"]
[PlyCount "113"]
[Source "Perpetual Check"]

1. d4 Nf6 2. c4 g6 3. Nc3 Bg7 4. e4 d6 5. Be2 O-O 6. Nf3 Bg4 7. Be3 Nfd7 8. O-O
Nc6 9. Ne1 Bxe2 10. Nxe2 e5 11. d5 Ne7 12. Nd3 f5 13. f3 Nf6 14. Nc3 f4 15. Bf2
g5 16. c5 Ng6 17. Rc1 Rf7 18. Qb3 b6 19. cxd6 cxd6 20. Qc4 g4 21. Nb5 g3 22.
hxg3 fxg3 23. Bxg3 Nh5 24. Bf2 Bh6 25. Nc7 Bxc1 26. Ne6 Qf6 27. Rxc1 Re8 28.
Qa4 Rfe7 29. Rc7 Ng7 30. Qxa7 Nxe6 31. dxe6 Rxc7 32. Qxc7 Qxe6 33. Qxb6 Rc8 34.
Bc5 Qf6 35. a4 Qg5 36. Be3 Qe7 37. a5 Nh4 38. a6 Qg7 39. Ne1 Qg3 40. Qb3+ Kh8
41. Bf2 Qg5 42. Qe3 Qd8 43. b4 Ng6 44. b5 Qa5 45. Qb6 Qa3 46. a7 Nf4 47. Qb8
Rg8 48. Kh2 Qa2 49. Qxd6 Re8 50. Qc5 Qf7 51. Qc6 Ne2 52. g3 Rg8 53. a8=Q Qh5+
54. Kg2 Nf4+ 55. Kg1 Ne2+ 56. Kf1 Nxg3+ 57. Bxg3 1-0

[Event "6th Novi Sad it"]
[Site "Novi Sad"]
[Date "1977.10.05"]
[EventDate "1977.10.02"]
[Round "4.5"]
[White "Baretic, Dragoljub"]
[Black "Bjelajac, Milan"]
[Result "0-1"]
[WhiteElo "2270"]
[BlackElo "2410"]
[PlyCount "100"]
[Source "Perpetual Check"]

1. e4 c5 2. Nc3 Nc6 3. g3 g6 4. Bg2 Bg7 5. d3 d6 6. Nh3 e5 7. O-O h5 8. Be3 h4
9. g4 Bh6 10. Nd5 g5 11. f3 Be6 12. Qd2 f6 13. Nf2 Nce7 14. c4 Bf8 15. h3 Ng6
16. b4 Nh6 17. Rfb1 b6 18. a4 Be7 19. Nd1 O-O 20. bxc5 dxc5 21. a5 Bxd5 22.
cxd5 Qc7 23. Bf1 Nf7 24. Nc3 Rfb8 25. Qa2 Qc8 26. Rb3 Nd6 27. Qb2 Bd8 28. Rb1
Nf8 29. Qa3 Nd7 30. Na4 Nb7 31. axb6 axb6 32. R3b2 Nd6 33. Qb3 b5 34. Nc3 Ra5
35. Qc2 b4 36. Na2 Nb5 37. Rc1 Qa6 38. d4 exd4 39. Bf2 Qd6 40. Kg2 Bc7 41. Bxb5
Qh2+ 42. Kf1 Raxb5 43. Qb3 Qxh3+ 44. Ke2 Bd6 45. Rbb1 Ne5 46. Rh1 d3+ 47. Qxd3
Qxh1 48. Rxh1 Nxd3 49. Kxd3 Ra5 50. Nc1 Ra3+ 0-1

[Event "6th Novi Sad it"]
[Site "Novi Sad"]
[Date "1977.10.05"]
[EventDate "1977.10.02"]
[Round "4.6"]
[White "Jovic, Ljubomir"]
[Black "Deze, Anton"]
[Result "1/2-1/2"]
[WhiteElo "2325"]
[BlackElo "2405"]
[PlyCount "84"]
[Source "Perpetual Check"]

1. e4 c5 2. Nc3 Nc6 3. g3 g6 4. Bg2 Bg7 5. f4 d6 6. Nf3 e5 7. d3 Nge7 8. O-O
O-O 9. fxe5 dxe5 10. Be3 Nd4 11. Qd2 b6 12. Rf2 Nxf3+ 13. Bxf3 Be6 14. Raf1 Qd7
15. b3 Rae8 16. Bg2 f6 17. a4 a5 18. Nb5 Nc6 19. h4 Nd4 20. Nc3 h5 21. Nd5 Bxd5
22. exd5 f5 23. c3 f4 24. cxd4 fxe3 25. Rxf8+ Rxf8 26. Rxf8+ Bxf8 27. Qxe3 exd4
28. Qg5 Qd6 29. Be4 Kg7 30. Kg2 Be7 31. Qd2 Qe5 32. Qf2 Bd6 33. Kh3 Bc7 34. Qf3
Bd6 35. Qg2 g5 36. hxg5 Qxg5 37. Qf3 Qe3 38. Kg2 Qxf3+ 39. Kxf3 Kf6 40. Bh7 Kg5
41. Bg8 Bc7 42. Be6 Bd6 1/2-1/2

[Event "6th Novi Sad it"]
[Site "Novi Sad"]
[Date "1977.10.06"]
[EventDate "1977.10.02"]
[Round "5.1"]
[White "Deze, Anton"]
[Black "Rajna, Gyorgy"]
[Result "1-0"]
[WhiteElo "2405"]
[BlackElo "2395"]
[PlyCount "85"]
[Source "Perpetual Check"]

1. c4 Nf6 2. Nc3 d5 3. cxd5 Nxd5 4. g3 e5 5. Bg2 Nb6 6. Nf3 Nc6 7. d3 Be7 8.
O-O O-O 9. Be3 Kh8 10. a4 a5 11. Rc1 f5 12. Nb5 Nd5 13. Bc5 Be6 14. e4 Ndb4 15.
d4 Bxc5 16. Rxc5 fxe4 17. Nxe5 Nxe5 18. Rxe5 Bc4 19. Bxe4 Ra6 20. Re1 Raf6 21.
Rc5 Bd5 22. Nc3 c6 23. Nxd5 cxd5 24. Bb1 Qd7 25. f4 Qh3 26. Qe2 b6 27. Rc7 Nc6
28. Qd3 Nb4 29. Qe3 Nc6 30. Bd3 Qg4 31. Be2 Qg6 32. Bf3 Nb4 33. Rec1 Nd3 34.
Bh5 Qe4 35. Qxe4 dxe4 36. R1c3 Rd6 37. Re7 g6 38. Rcc7 Rfd8 39. Rxh7+ Kg8 40.
Rhg7+ Kf8 41. Bxg6 Rxg6 42. Rxg6 e3 43. Re6 1-0

[Event "6th Novi Sad it"]
[Site "Novi Sad"]
[Date "1977.10.06"]
[EventDate "1977.10.02"]
[Round "5.2"]
[White "Bjelajac, Milan"]
[Black "Jovic, Ljubomir"]
[Result "1/2-1/2"]
[WhiteElo "2410"]
[BlackElo "2325"]
[PlyCount "113"]
[Source "Perpetual Check"]

1. e4 c5 2. c3 d5 3. exd5 Qxd5 4. d4 Nd7 5. Nf3 g6 6. Na3 a6 7. Bc4 Qe4+ 8. Be3
e6 9. O-O b5 10. Ng5 Qb7 11. Be2 h6 12. Bf3 Qb8 13. Nh3 c4 14. Bf4 Qa7 15. Bxa8
Qxa8 16. Nc2 Ngf6 17. Ne3 g5 18. Be5 Nxe5 19. dxe5 Nd7 20. Ng4 Bb7 21. f3 h5
22. Nf6+ Nxf6 23. exf6 g4 24. Ng5 gxf3 25. Nxf3 Bc5+ 26. Kh1 h4 27. h3 Rg8 28.
Qd2 Qb8 29. Rae1 Rg6 30. Ng5 Kf8 31. Ne4 Bb6 32. Qf4 Qxf4 33. Rxf4 Rh6 34. b3
Bd5 35. bxc4 Bxc4 36. Nd6 Bd5 37. Rf5 Bc6 38. Rff1 Bc7 39. Rd1 Rg6 40. Rf2 Bd5
41. Nc8 Rg3 42. Rfd2 Rxh3+ 43. Kg1 Bh2+ 44. Kf1 Rxc3 45. Nb6 Rc6 46. g4 hxg3
47. Nxd5 exd5 48. Kg2 Rxf6 49. Rf1 Rxf1 50. Kxf1 g2+ 51. Kxg2 Bd6 52. Rxd5 Ke7
53. Rh5 Bc7 54. Kf3 b4 55. Rh6 a5 56. Ra6 f5 57. Rc6 1/2-1/2

[Event "6th Novi Sad it"]
[Site "Novi Sad"]
[Date "1977.10.06"]
[EventDate "1977.10.02"]
[Round "5.3"]
[White "Popovic, Petar"]
[Black "Baretic, Dragoljub"]
[Result "1-0"]
[WhiteElo "2385"]
[BlackElo "2270"]
[PlyCount "61"]
[Source "Perpetual Check"]

1. e4 c5 2. Nf3 e6 3. d4 cxd4 4. Nxd4 a6 5. Nc3 Qc7 6. g3 Nc6 7. Bg2 Nf6 8. O-O
Nxd4 9. Qxd4 Bc5 10. Bf4 d6 11. Qd2 h6 12. Rad1 e5 13. Be3 Bb4 14. Nb5 axb5 15.
Qxb4 O-O 16. Rxd6 Be6 17. Rd2 Rxa2 18. Rfd1 Rfa8 19. Qxb5 R8a5 20. Qb4 R5a4 21.
Rd8+ Kh7 22. Qf8 Rxb2 23. Qh8+ Kg6 24. f4 exf4 25. gxf4 Nxe4 26. f5+ Kf6 27.
Rg8 Ke7 28. Qxg7 Bxf5 29. Qxb2 Nc3 30. Re1 Be4 31. Bd2 1-0

[Event "6th Novi Sad it"]
[Site "Novi Sad"]
[Date "1977.10.06"]
[EventDate "1977.10.02"]
[Round "5.4"]
[White "Petran, Pal"]
[Black "Diesen, Mark"]
[Result "0-1"]
[WhiteElo "2455"]
[BlackElo "2360"]
[PlyCount "64"]
[Source "Perpetual Check"]

1. d4 d5 2. c4 c6 3. Nf3 Nf6 4. Nc3 e6 5. e3 Nbd7 6. Bd3 dxc4 7. Bxc4 b5 8. Bb3
b4 9. Ne2 c5 10. Nf4 Bd6 11. Ng5 Bxf4 12. exf4 h6 13. Nf3 Ba6 14. Ne5 O-O 15.
Be3 Rc8 16. Rc1 Qe7 17. Bc4 Bxc4 18. Nxc4 Rfd8 19. O-O cxd4 20. Bxd4 Nb8 21.
Bxf6 Qxf6 22. Qa4 Qxf4 23. Qxb4 Nc6 24. Qc3 Nd4 25. Qd3 Rd5 26. b3 Rcc5 27. h3
Rg5 28. Kh1 Rxg2 29. Kxg2 Rg5+ 30. Qg3 Qf3+ 31. Kh2 Rxg3 32. fxg3 Qe2+ 0-1

[Event "6th Novi Sad it"]
[Site "Novi Sad"]
[Date "1977.10.06"]
[EventDate "1977.10.02"]
[Round "5.5"]
[White "Hernandez Onna, Roman"]
[Black "Ilijic, Milan"]
[Result "1/2-1/2"]
[WhiteElo "2435"]
[BlackElo "2340"]
[PlyCount "143"]
[Source "Perpetual Check"]

1. c4 g6 2. Nc3 Bg7 3. d4 b6 4. e4 Bb7 5. Be3 d6 6. Qd2 Nd7 7. f3 e5 8. Nge2 h5
9. O-O-O Nh6 10. Kb1 f6 11. Nc1 Nf7 12. Be2 O-O 13. Nd3 exd4 14. Bxd4 Nc5 15.
Nf4 Bh6 16. Ncd5 Ne5 17. Be3 a5 18. Nc3 Re8 19. Nfd5 Bg7 20. Rhe1 Ba6 21. b3
Bc8 22. h3 Nf7 23. Nf4 f5 24. Bd4 fxe4 25. Bxg7 Kxg7 26. Qd4+ Ne5 27. fxe4 Bb7
28. Rf1 Qg5 29. g3 Kh6 30. Qe3 Kh7 31. h4 Qh6 32. Ncd5 Bxd5 33. cxd5 Re7 34.
Qd4 Qg7 35. Nh3 Kg8 36. Ng5 Nf7 37. Rxf7 Rxf7 38. Nxf7 Qxd4 39. Nh6+ Kh7 40.
Rxd4 Kxh6 41. Bd1 Re8 42. Bc2 Kg7 43. a3 Kf6 44. b4 Ke5 45. Rc4 b5 46. Rc3 axb4
47. axb4 Na6 48. Rb3 Rf8 49. Kb2 Rf2 50. Kc3 Rg2 51. Bd3 Rxg3 52. Ra3 Nb8 53.
Ra7 Kf6 54. Rxc7 Na6 55. Rd7 Ke5 56. Re7+ Kf4 57. Rf7+ Ke5 58. Re7+ Kf4 59. Re6
Nxb4 60. Kxb4 Rxd3 61. Kxb5 Rc3 62. Kb6 Rc4 63. Rxg6 Kxe4 64. Rxd6 Ke5 65. Rd8
Rxh4 66. Kc5 Rh1 67. Re8+ Kf4 68. d6 Rc1+ 69. Kd5 Rd1+ 70. Kc6 h4 71. d7 h3 72.
d8=Q 1/2-1/2

[Event "6th Novi Sad it"]
[Site "Novi Sad"]
[Date "1977.10.08"]
[EventDate "1977.10.02"]
[Round "6.1"]
[White "Rajna, Gyorgy"]
[Black "Rakic, Tomislav"]
[Result "1-0"]
[WhiteElo "2395"]
[BlackElo "2395"]
[PlyCount "109"]
[Source "Perpetual Check"]

1. e4 g6 2. d4 Bg7 3. Nc3 d6 4. Nf3 Nf6 5. Be2 O-O 6. O-O Bg4 7. Bg5 c6 8. Qd2
Bxf3 9. Bxf3 Nbd7 10. Rad1 Re8 11. Qf4 Qa5 12. Rfe1 Nf8 13. Qh4 Rad8 14. a3 Ne6
15. Bc1 h6 16. d5 g5 17. Qg3 Nf8 18. h4 gxh4 19. Qxh4 Ng6 20. Qh3 Kh7 21. Ne2
e6 22. b4 Qc7 23. dxe6 fxe6 24. Nd4 Qf7 25. g3 d5 26. exd5 Nxd5 27. Rxe6 Ndf4
28. gxf4 Rxd4 29. Rde1 Rxe6 30. Qxe6 Qf6 31. Qxf6 Bxf6 32. Be4 Kg7 33. Kh2 Kf7
34. Kg3 h5 35. Bd3 Rd8 36. Be3 b5 37. Rh1 h4+ 38. Kf3 Ra8 39. Be4 Ne7 40. Bc5
a5 41. Rd1 axb4 42. axb4 Rg8 43. Ke3 Rh8 44. Rd6 Rh6 45. Kf3 h3 46. Rd1 Ke6 47.
Kg3 Nd5 48. f5+ Kf7 49. Bxd5+ cxd5 50. Rh1 Be5+ 51. f4 Bd6 52. Bxd6 Rxd6 53.
Rxh3 Rd8 54. Rh6 Rc8 55. Rd6 1-0

[Event "6th Novi Sad it"]
[Site "Novi Sad"]
[Date "1977.10.08"]
[EventDate "1977.10.02"]
[Round "6.4"]
[White "Baretic, Dragoljub"]
[Black "Petran, Pal"]
[Result "0-1"]
[WhiteElo "2270"]
[BlackElo "2455"]
[PlyCount "64"]
[Source "Perpetual Check"]

1. e4 d6 2. d4 Nf6 3. Nc3 g6 4. Bg5 Bg7 5. e5 Nfd7 6. f4 c5 7. exd6 O-O 8. Bxe7
Re8 9. Nge2 Qa5 10. Qd2 Nb6 11. Ng3 c4 12. Nce4 Qd5 13. O-O-O Bg4 14. Be2 Bxe2
15. Qxe2 Nc6 16. c3 Nxe7 17. dxe7 Rxe7 18. Qc2 Rae8 19. Ng5 Qd6 20. Nh3 Nd5 21.
Qd2 b5 22. Rde1 b4 23. Rxe7 Rxe7 24. cxb4 c3 25. bxc3 Nxc3 26. a3 Bxd4 27. Re1
Rc7 28. Re8+ Kg7 29. Qe1 Nb5+ 30. Kb1 Nxa3+ 31. Ka2 Rc2+ 32. Kxa3 Qa6+ 0-1